000 00502nam a2200193 a 4500
001 8047
003 CO-ViMGA
008 141112s2004 ck r 000 u spa d
040 _aCO-ViMGA
_bspa
_cCO-ViMGA
082 0 4 _a616.85 H675
100 1 _aHorney, Karen
_97679
245 1 0 _aLa personalidad Neurótica de nuestro tiempo
260 _aBuenos Aires,
_cPaidos,
_c1971
300 _a236.p.
650 1 4 _aNEUROSIS
_948910
650 1 4 _aPERSONALIDAD
_95161
650 1 4 _aPSICOANALISIS
942 _2ddc
_cBK
999 _c19869
_d19869